000 00465nam a2200181Ia 4500
001 7622
005 20260306160508.0
008 260306t2011||||xx |||||||||||||| ||spa||
041 _aESP
082 _a352.34
_bP95 NÂș 8
100 _aPulgar- Vidal, Manuel
_eAUT
245 0 _aPromoviendo la gobernanza en el acceso y aprovechamiento de los recursos naturales
260 _c2011
300 _a
_c
650 _aGEN
654 _aCAN
942 _cLIB
_dJUS
_fJUS
_2ddc
_n
999 _c7622
_d7622